[Event "Women's Baku Chess Olympiad"]
[Site "chess24.com"]
[Date "2016.09.05"]
[Round "4"]
[White "Richards, Heather S"]
[Black "Socko, Monika"]
[Result "*"]
[Board "1"]
[WhiteID "408697"]
[WhiteElo "2199"]
[WhiteTitle "WIM"]
[WhiteCountry "AUS"]
[WhiteFideId "408697"]
[BlackID "1106619"]
[BlackElo "2437"]
[BlackTitle "GM"]
[BlackCountry "POL"]
[BlackFideId "1106619"]

1. e4 {[%clk 1:30:53]} c6 {[%clk 1:30:55]} 2. d4 {[%clk 1:31:16]} d5 {[%clk
1:31:20]} 3. Nc3 {[%clk 1:31:15]} dxe4 {[%clk 1:31:29]} 4. Nxe4 {[%clk 1:31:39]}
Bf5 {[%clk 1:31:53]} 5. Nc5 {[%clk 1:32:03]} Qc7 {[%clk 1:26:24]} 6. Bd3 {[%clk
1:31:25]} Bxd3 {[%clk 1:26:20]} 7. Nxd3 {[%clk 1:31:48]} e6 {[%clk 1:23:46]} 8.
Nf3 {[%clk 1:26:55]} Bd6 {[%clk 1:22:54]} 9. O-O {[%clk 1:26:21]} Nd7 {[%clk
1:21:58]} 10. Re1 {[%clk 1:26:17]} Ngf6 {[%clk 1:19:02]} 11. c4 {[%clk 1:17:18]}
O-O {[%clk 1:14:14]} 12. b4 {[%clk 1:14:59]} a5 {[%clk 1:05:33]} 13. c5 {[%clk
1:13:33]} Be7 {[%clk 1:06:00]} 14. Bf4 {[%clk 1:13:57]} Qc8 {[%clk 1:05:33]} 15.
a3 {[%clk 0:51:03]} Nd5 {[%clk 1:01:36]} 16. Qb3 {[%clk 0:43:33]} Rd8 {[%clk
0:49:11]} 17. Bg5 {[%clk 0:31:11]} Bf6 {[%clk 0:32:24]} 18. Rac1 {[%clk 0:26:33]}
axb4 {[%clk 0:28:56]} 19. axb4 {[%clk 0:24:47]} Nc7 {[%clk 0:28:05]} 20. Nde5
{[%clk 0:14:37]} Bxg5 {[%clk 0:18:27]} 21. Nxg5 {[%clk 0:14:40]} Nxe5 {[%clk
0:18:46]} 22. dxe5 {[%clk 0:15:02]} h6 {[%clk 0:15:31]} 23. Ne4 {[%clk 0:15:24]}
Rd4 {[%clk 0:15:37]} 24. Nd6 {[%clk 0:13:16]} Qd7 {[%clk 0:15:38]} 25. g3 {[%clk
0:07:04]} Nb5 {[%clk 0:13:30]} 26. Ra1 {[%clk 0:06:27]} Rd8 {[%clk 0:12:19]} 27.
Ra4 {[%clk 0:05:28]} Rd5 {[%clk 0:12:26]} 28. Qe3 {[%clk 0:03:37]} Nxd6 {[%clk
0:05:29]} 29. exd6 {[%clk 0:03:59]} e5 {[%clk 0:05:53]} 30. Ra7 {[%clk 0:04:17]}
f5 {[%clk 0:06:02]} 31. Qb3 {[%clk 0:03:10]} Kh8 {[%clk 0:06:30]} 32. Qb2 {[%clk
0:01:58]} *

[Event "Women's Baku Chess Olympiad"]
[Site "chess24.com"]
[Date "2016.09.05"]
[Round "4"]
[White "Aseel , Odeh"]
[Black "Ziaziulkina, Nastassia"]
[Result "*"]
[Board "1"]
[WhiteID "8105529"]
[WhiteElo "1547"]
[WhiteTitle "CM"]
[WhiteCountry "JOR"]
[WhiteFideId "8105529"]
[BlackID "13505211"]
[BlackElo "2382"]
[BlackTitle "IM"]
[BlackCountry "BLR"]
[BlackFideId "13505211"]

1. e4 {[%clk 1:30:58]} c5 {[%clk 1:30:49]} 2. Nf3 {[%clk 1:31:19]} d6 {[%clk
1:31:14]} 3. Bb5+ {[%clk 1:31:38]} Nd7 {[%clk 1:31:36]} 4. O-O {[%clk 1:31:41]}
Nf6 {[%clk 1:31:29]} 5. d3 {[%clk 1:31:03]} e6 {[%clk 1:27:45]} 6. Bg5 {[%clk
1:29:32]} Be7 {[%clk 1:26:49]} 7. Nc3 {[%clk 1:27:21]} O-O {[%clk 1:20:50]} 8.
Bxd7 {[%clk 1:26:19]} Bxd7 {[%clk 1:20:59]} 9. e5 {[%clk 1:22:26]} dxe5 {[%clk
1:19:41]} 10. Nxe5 {[%clk 1:22:09]} h6 {[%clk 1:16:58]} 11. Bd2 {[%clk 1:15:46]}
Be8 {[%clk 1:13:09]} 12. Qf3 {[%clk 1:01:40]} Bd6 {[%clk 1:05:50]} 13. Ng4 {[%clk
0:52:49]} Nxg4 {[%clk 0:57:36]} 14. Qxg4 {[%clk 0:52:14]} Qc7 {[%clk 0:57:08]}
15. h3 {[%clk 0:44:43]} Bc6 {[%clk 0:51:13]} 16. Rfe1 {[%clk 0:33:29]} Rae8
{[%clk 0:44:54]} 17. Re2 {[%clk 0:19:08]} a6 {[%clk 0:34:21]} 18. a4 {[%clk
0:10:51]} f5 {[%clk 0:25:27]} 19. Qc4 {[%clk 0:07:56]} Qf7 {[%clk 0:23:20]} 20.
Rae1 {[%clk 0:06:37]} Qg6 {[%clk 0:16:30]} 21. f4 {[%clk 0:03:31]} Kh7 {[%clk
0:15:00]} 22. Rf2 {[%clk 0:02:30]} e5 {[%clk 0:12:58]} 23. Nd5 {[%clk 0:01:25]}
b5 {[%clk 0:11:26]} 24. axb5 {[%clk 0:01:33]} axb5 {[%clk 0:11:49]} 25. Qb3
{[%clk 0:01:20]} exf4 {[%clk 0:10:35]} 26. Rxe8 {[%clk 0:00:46]} Rxe8 {[%clk
0:09:48]} 27. Kf1 {[%clk 0:00:40]} Qh5 {[%clk 0:06:00]} 28. Nc3 {[%clk 0:00:34]}
f3 {[%clk 0:05:45]} 29. gxf3 {[%clk 0:00:35]} Qxh3+ {[%clk 0:03:38]} 30. Kg1
{[%clk 0:00:41]} Bg3 {[%clk 0:05:02]} *

[Event "Women's Baku Chess Olympiad"]
[Site "chess24.com"]
[Date "2016.09.05"]
[Round "4"]
[White "Mueller-Seps, Monika"]
[Black "Tsolakidou, Stavroula"]
[Result "1/2-1/2"]
[Board "1"]
[WhiteID "1308521"]
[WhiteElo "2276"]
[WhiteTitle "WGM"]
[WhiteCountry "SUI"]
[WhiteFideId "1308521"]
[WhiteEloChange "2"]
[BlackID "4264312"]
[BlackElo "2355"]
[BlackTitle "WGM"]
[BlackCountry "GRE"]
[BlackFideId "4264312"]
[BlackEloChange "-2"]

1. d4 {[%clk 1:30:57]} Nf6 {[%clk 1:30:53]} 2. Nf3 {[%clk 1:31:24]} e6 {[%clk
1:31:13]} 3. Bg5 {[%clk 1:31:49]} c5 {[%clk 1:31:27]} 4. e3 {[%clk 1:32:10]} cxd4
{[%clk 1:31:45]} 5. exd4 {[%clk 1:32:25]} Be7 {[%clk 1:31:57]} 6. Nbd2 {[%clk
1:31:14]} d6 {[%clk 1:29:54]} 7. Bd3 {[%clk 1:30:51]} Nbd7 {[%clk 1:28:59]} 8. c3
{[%clk 1:25:13]} b6 {[%clk 1:28:08]} 9. Qe2 {[%clk 1:23:23]} Bb7 {[%clk 1:26:29]}
10. Bxf6 {[%clk 1:14:47]} Nxf6 {[%clk 1:24:05]} 11. Ne4 {[%clk 1:14:56]} O-O
{[%clk 1:13:00]} 12. h4 {[%clk 1:05:06]} Nxe4 {[%clk 0:54:41]} 13. Bxe4 {[%clk
1:05:31]} Bxe4 {[%clk 0:54:55]} 14. Qxe4 {[%clk 1:05:58]} d5 {[%clk 0:55:05]} 15.
Qd3 {[%clk 1:00:07]} Qd6 {[%clk 0:52:37]} 16. Ng5 {[%clk 0:49:07]} g6 {[%clk
0:48:51]} 17. Qe3 {[%clk 0:40:55]} h6 {[%clk 0:38:05]} 18. Nf3 {[%clk 0:40:43]}
Kg7 {[%clk 0:32:54]} 19. Ne5 {[%clk 0:36:51]} b5 {[%clk 0:28:12]} 20. h5 {[%clk
0:30:13]} g5 {[%clk 0:27:13]} 21. O-O {[%clk 0:29:04]} Bf6 {[%clk 0:16:44]} 22.
Nd3 {[%clk 0:21:13]} Rae8 {[%clk 0:14:01]} 23. Rae1 {[%clk 0:21:38]} Bd8 {[%clk
0:10:10]} 24. g3 {[%clk 0:18:56]} Bc7 {[%clk 0:07:24]} 25. f4 {[%clk 0:14:59]} f6
{[%clk 0:06:34]} 26. Rf2 {[%clk 0:12:57]} gxf4 {[%clk 0:04:29]} 27. gxf4 {[%clk
0:13:22]} Kh7 {[%clk 0:03:48]} 28. Rg2 {[%clk 0:12:44]} Rg8 {[%clk 0:03:56]} 29.
Re2 {[%clk 0:11:59]} Qe7 {[%clk 0:03:12]} 30. Nc5 {[%clk 0:07:21]} Qf7 {[%clk
0:01:45]} 31. Qf3 {[%clk 0:03:25]} f5 {[%clk 0:00:57]} 32. Kf1 {[%clk 0:03:21]}
Bd6 {[%clk 0:00:34]} 33. Rxg8 {[%clk 0:01:55]} Qxg8 {[%clk 0:00:36]} 34. Rg2
{[%clk 0:01:58]} Qf7 {[%clk 0:00:42]} 35. Nd3 {[%clk 0:01:50]} Rg8 {[%clk
0:00:47]} 36. Rxg8 {[%clk 0:01:44]} Qxg8 {[%clk 0:01:13]} 37. Kf2 {[%clk
0:01:33]} Qd8 {[%clk 0:00:37]} 38. Qg3 {[%clk 0:01:34]} Qg8 {[%clk 0:00:33]} 39.
Nc5 {[%clk 0:01:22]} Qf7 {[%clk 0:00:34]} 40. Qf3 {[%clk 0:30:36]} Kg7 {[%clk
0:30:33]} 41. Nd3 {[%clk 0:22:28]} Kf8 {[%clk 0:23:02]} 42. Qe2 {[%clk 0:17:30]}
Qf6 {[%clk 0:15:45]} 43. Qf3 {[%clk 0:09:05]} Qh4+ {[%clk 0:12:46]} 44. Kg2
{[%clk 0:08:33]} Ke7 {[%clk 0:11:05]} 45. Ne5 {[%clk 0:08:12]} Bxe5 {[%clk
0:04:58]} 46. dxe5 {[%clk 0:08:37]} Qe1 {[%clk 0:05:13]} 47. Qf2 {[%clk 0:07:56]}
Qxf2+ {[%clk 0:02:50]} 48. Kxf2 {[%clk 0:08:22]} Kd7 {[%clk 0:02:50]} 49. Ke3
{[%clk 0:08:42]} 1/2-1/2

[Event "Women's Baku Chess Olympiad"]
[Site "chess24.com"]
[Date "2016.09.05"]
[Round "4"]
[White "Paikidze, Nazi"]
[Black "Dengler, Dijana"]
[Result "*"]
[Board "2"]
[WhiteID "13603620"]
[WhiteElo "2366"]
[WhiteTitle "IM"]
[WhiteCountry "USA"]
[WhiteFideId "13603620"]
[BlackID "14400081"]
[BlackElo "2047"]
[BlackTitle "WFM"]
[BlackCountry "BIH"]
[BlackFideId "14400081"]

1. d4 {[%clk 1:30:56]} d5 {[%clk 1:30:51]} 2. Nf3 {[%clk 1:31:20]} Nf6 {[%clk
1:30:53]} 3. g3 {[%clk 1:31:45]} c6 {[%clk 1:25:16]} 4. Bg2 {[%clk 1:32:08]} g6
{[%clk 1:24:06]} 5. O-O {[%clk 1:31:53]} Bg7 {[%clk 1:24:24]} 6. c4 {[%clk
1:24:54]} O-O {[%clk 1:19:33]} 7. Nc3 {[%clk 1:23:56]} a6 {[%clk 1:16:17]} 8. b3
{[%clk 1:19:26]} Nbd7 {[%clk 1:06:41]} 9. cxd5 {[%clk 1:19:09]} cxd5 {[%clk
1:05:40]} 10. Bb2 {[%clk 1:18:45]} b5 {[%clk 1:01:18]} 11. Ne5 {[%clk 1:15:57]}
Bb7 {[%clk 1:01:10]} 12. e3 {[%clk 1:16:13]} e6 {[%clk 0:56:47]} 13. Nxd7 {[%clk
1:10:25]} Qxd7 {[%clk 0:56:20]} 14. Ne2 {[%clk 1:08:59]} Rfc8 {[%clk 0:53:55]}
15. Nf4 {[%clk 1:08:21]} Qd8 {[%clk 0:44:29]} 16. Nd3 {[%clk 1:05:59]} Nd7 {[%clk
0:44:50]} 17. h4 {[%clk 0:56:10]} h5 {[%clk 0:42:42]} 18. Ne5 {[%clk 0:55:51]}
Rc7 {[%clk 0:41:28]} 19. a4 {[%clk 0:46:53]} b4 {[%clk 0:33:23]} 20. a5 {[%clk
0:45:20]} Rac8 {[%clk 0:28:06]} 21. Nd3 {[%clk 0:45:06]} Bf8 {[%clk 0:26:23]} 22.
Bf3 {[%clk 0:39:36]} Bc6 {[%clk 0:22:15]} 23. Re1 {[%clk 0:30:36]} Bb5 {[%clk
0:20:47]} 24. e4 {[%clk 0:27:04]} dxe4 {[%clk 0:13:27]} 25. Bxe4 {[%clk 0:26:35]}
Nf6 {[%clk 0:13:17]} 26. Bf3 {[%clk 0:20:37]} Rc2 {[%clk 0:12:21]} 27. Rb1 {[%clk
0:19:07]} Bxd3 {[%clk 0:11:08]} 28. Qxd3 {[%clk 0:19:34]} Qxa5 {[%clk 0:11:24]}
29. Bb7 {[%clk 0:17:58]} R8c7 {[%clk 0:11:39]} 30. d5 {[%clk 0:14:25]} Nxd5
{[%clk 0:07:01]} 31. Bxa6 {[%clk 0:13:13]} Qa2 {[%clk 0:06:18]} 32. Bd4 {[%clk
0:12:42]} Rd2 {[%clk 0:05:50]} 33. Qe4 {[%clk 0:09:14]} Qxa6 {[%clk 0:06:07]} 34.
Ra1 {[%clk 0:05:02]} Qd3 {[%clk 0:06:07]} 35. Ra8 {[%clk 0:05:14]} *

[Event "Women's Baku Chess Olympiad"]
[Site "chess24.com"]
[Date "2016.09.05"]
[Round "4"]
[White "Wafa, Shrook"]
[Black "Javakhishvili, Lela"]
[Result "*"]
[Board "2"]
[WhiteID "10609970"]
[WhiteElo "2106"]
[WhiteTitle "WGM"]
[WhiteCountry "EGY"]
[WhiteFideId "10609970"]
[BlackID "13601458"]
[BlackElo "2486"]
[BlackTitle "IM"]
[BlackCountry "GEO"]
[BlackFideId "13601458"]

1. e4 {[%clk 1:30:57]} c5 {[%clk 1:30:53]} 2. Nf3 {[%clk 1:31:16]} e6 {[%clk
1:31:15]} 3. Nc3 {[%clk 1:31:31]} a6 {[%clk 1:31:37]} 4. g3 {[%clk 1:31:25]} b5
{[%clk 1:31:37]} 5. Bg2 {[%clk 1:31:44]} Bb7 {[%clk 1:31:43]} 6. d3 {[%clk
1:32:01]} Nf6 {[%clk 1:26:53]} 7. O-O {[%clk 1:31:18]} b4 {[%clk 1:26:13]} 8. Ne2
{[%clk 1:30:38]} d5 {[%clk 1:23:07]} 9. exd5 {[%clk 1:28:30]} Nxd5 {[%clk
1:18:38]} 10. c3 {[%clk 1:22:22]} Nd7 {[%clk 1:14:15]} 11. d4 {[%clk 1:19:29]}
Be7 {[%clk 1:03:08]} 12. Re1 {[%clk 1:15:10]} O-O {[%clk 1:00:04]} 13. Nf4 {[%clk
1:13:20]} Rc8 {[%clk 0:51:18]} 14. Qe2 {[%clk 1:06:48]} Nxf4 {[%clk 0:47:56]} 15.
Bxf4 {[%clk 1:06:56]} cxd4 {[%clk 0:43:32]} 16. cxd4 {[%clk 1:06:42]} Nf6 {[%clk
0:42:08]} 17. Rac1 {[%clk 1:01:25]} Qa5 {[%clk 0:39:34]} 18. b3 {[%clk 0:56:58]}
Nd5 {[%clk 0:37:41]} 19. Bg5 {[%clk 0:55:04]} Rc3 {[%clk 0:31:33]} 20. Bxe7
{[%clk 0:53:17]} Nxe7 {[%clk 0:31:53]} 21. Rxc3 {[%clk 0:52:26]} bxc3 {[%clk
0:32:16]} 22. Qc2 {[%clk 0:52:39]} Nf5 {[%clk 0:26:11]} 23. g4 {[%clk 0:44:11]}
Bxf3 {[%clk 0:21:52]} 24. gxf5 {[%clk 0:44:21]} Bxg2 {[%clk 0:21:19]} 25. Kxg2
{[%clk 0:44:26]} Qd5+ {[%clk 0:15:51]} 26. Qe4 {[%clk 0:38:38]} Qxe4+ {[%clk
0:13:01]} 27. Rxe4 {[%clk 0:39:03]} exf5 {[%clk 0:12:48]} 28. Re2 {[%clk
0:37:00]} Rd8 {[%clk 0:11:37]} 29. Kf3 {[%clk 0:36:50]} g5 {[%clk 0:08:52]} 30.
Ke3 {[%clk 0:35:36]} Rd6 {[%clk 0:05:47]} 31. Kd3 {[%clk 0:35:14]} Rc6 {[%clk
0:04:08]} 32. Rc2 {[%clk 0:33:47]} Rh6 {[%clk 0:04:09]} 33. Kxc3 {[%clk 0:32:27]}
Rxh2 {[%clk 0:04:30]} 34. d5 {[%clk 0:32:16]} Kf8 {[%clk 0:04:09]} 35. Re2 {[%clk
0:31:17]} Rh1 {[%clk 0:04:08]} 36. Re5 {[%clk 0:27:53]} h6 {[%clk 0:02:51]} 37.
Kd4 {[%clk 0:26:29]} f4 {[%clk 0:02:19]} 38. Kc5 {[%clk 0:26:07]} Rc1+ {[%clk
0:01:33]} 39. Kb6 {[%clk 0:26:25]} f6 {[%clk 0:01:15]} 40. Re6 {[%clk 0:53:58]}
Kf7 {[%clk 0:31:36]} 41. Rc6 {[%clk 0:53:51]} Rd1 {[%clk 0:31:19]} 42. d6 {[%clk
0:53:50]} g4 {[%clk 0:29:31]} 43. Rc4 {[%clk 0:48:39]} *

[Event "Women's Baku Chess Olympiad"]
[Site "chess24.com"]
[Date "2016.09.05"]
[Round "4"]
[White "Beydullayeva, Govhar"]
[Black "Chang, Suzana"]
[Result "*"]
[Board "3"]
[WhiteID "13413015"]
[WhiteElo "1994"]
[WhiteTitle "WCM"]
[WhiteCountry "AZE"]
[WhiteFideId "13413015"]
[BlackID "2105985"]
[BlackElo "2093"]
[BlackTitle "WFM"]
[BlackCountry "BRA"]
[BlackFideId "2105985"]

1. d4 {[%clk 1:30:57]} Nf6 {[%clk 1:30:55]} 2. c4 {[%clk 1:31:14]} g6 {[%clk
1:31:21]} 3. Nc3 {[%clk 1:31:40]} Bg7 {[%clk 1:31:46]} 4. e4 {[%clk 1:32:06]} d6
{[%clk 1:32:14]} 5. Nf3 {[%clk 1:32:31]} O-O {[%clk 1:32:24]} 6. Be2 {[%clk
1:32:47]} e5 {[%clk 1:32:39]} 7. Be3 {[%clk 1:32:37]} Nc6 {[%clk 1:32:31]} 8. d5
{[%clk 1:32:56]} Ne7 {[%clk 1:32:52]} 9. Nd2 {[%clk 1:33:02]} c5 {[%clk 1:31:51]}
10. O-O {[%clk 1:31:06]} Ne8 {[%clk 1:29:28]} 11. Rb1 {[%clk 1:28:38]} f5 {[%clk
1:29:25]} 12. f3 {[%clk 1:29:03]} f4 {[%clk 1:29:41]} 13. Bf2 {[%clk 1:29:27]} g5
{[%clk 1:29:51]} 14. b4 {[%clk 1:29:24]} b6 {[%clk 1:30:12]} 15. bxc5 {[%clk
1:29:16]} bxc5 {[%clk 1:30:09]} 16. Qa4 {[%clk 1:24:38]} Rf6 {[%clk 1:27:24]} 17.
Nb5 {[%clk 1:22:29]} a6 {[%clk 1:10:28]} 18. Nxd6 {[%clk 1:12:51]} Nxd6 {[%clk
1:03:56]} 19. Bxc5 {[%clk 1:13:12]} Bf8 {[%clk 1:03:28]} 20. Bb6 {[%clk 1:05:02]}
Bd7 {[%clk 0:58:48]} 21. Qb3 {[%clk 0:59:45]} Qe8 {[%clk 0:52:00]} 22. c5 {[%clk
0:55:04]} Qh5 {[%clk 0:45:05]} 23. Rfe1 {[%clk 0:43:28]} Rh6 {[%clk 0:42:42]} 24.
Nf1 {[%clk 0:42:45]} Ng6 {[%clk 0:18:41]} 25. cxd6 {[%clk 0:37:54]} Nh4 {[%clk
0:15:08]} 26. Qc2 {[%clk 0:33:28]} Bxd6 {[%clk 0:13:30]} 27. Bd1 {[%clk 0:22:04]}
g4 {[%clk 0:11:12]} 28. Qf2 {[%clk 0:06:51]} Rg6 {[%clk 0:10:30]} 29. fxg4 {[%clk
0:06:27]} Bxg4 {[%clk 0:10:40]} 30. g3 {[%clk 0:02:33]} Rf8 {[%clk 0:09:29]} 31.
Bxg4 {[%clk 0:02:20]} Qxg4 {[%clk 0:09:22]} 32. Kh1 {[%clk 0:02:19]} *

[Event "Women's Baku Chess Olympiad"]
[Site "chess24.com"]
[Date "2016.09.05"]
[Round "4"]
[White "Kurbonboeva, Sarvinoz"]
[Black "Exler, Veronika"]
[Result "1/2-1/2"]
[Board "3"]
[WhiteID "14201780"]
[WhiteElo "2223"]
[WhiteTitle "WIM"]
[WhiteCountry "UZB"]
[WhiteFideId "14201780"]
[BlackID "1620550"]
[BlackElo "2220"]
[BlackTitle "WFM"]
[BlackCountry "AUT"]
[BlackFideId "1620550"]

1. d4 {[%clk 1:30:58]} d5 {[%clk 1:30:56]} 2. c4 {[%clk 1:31:21]} e6 {[%clk
1:31:23]} 3. Nc3 {[%clk 1:31:37]} Bb4 {[%clk 1:31:48]} 4. e3 {[%clk 1:31:17]} Nf6
{[%clk 1:31:49]} 5. Bd3 {[%clk 1:31:29]} O-O {[%clk 1:31:29]} 6. Ne2 {[%clk
1:31:27]} b6 {[%clk 1:27:36]} 7. cxd5 {[%clk 1:29:28]} exd5 {[%clk 1:27:59]} 8.
O-O {[%clk 1:28:41]} Bb7 {[%clk 1:26:18]} 9. a3 {[%clk 1:25:07]} Bd6 {[%clk
1:26:17]} 10. Ng3 {[%clk 1:21:53]} Re8 {[%clk 1:24:20]} 11. b4 {[%clk 1:17:23]}
c5 {[%clk 1:11:02]} 12. bxc5 {[%clk 1:09:31]} bxc5 {[%clk 1:11:26]} 13. dxc5
{[%clk 1:08:58]} Bxc5 {[%clk 1:02:34]} 14. Rb1 {[%clk 1:06:41]} Bc6 {[%clk
0:38:19]} 15. Qc2 {[%clk 0:39:36]} Nbd7 {[%clk 0:16:30]} 16. Nce2 {[%clk
0:38:33]} Rb8 {[%clk 0:15:15]} 17. Bb2 {[%clk 0:24:37]} Qa5 {[%clk 0:05:40]} 18.
Bxf6 {[%clk 0:17:13]} Nxf6 {[%clk 0:06:08]} 19. Rbc1 {[%clk 0:17:26]} Bxa3 {[%clk
0:05:51]} 20. Qxc6 {[%clk 0:16:05]} Bxc1 {[%clk 0:06:19]} 21. Rxc1 {[%clk
0:16:03]} Qd2 {[%clk 0:04:13]} 22. Bf5 {[%clk 0:14:33]} a5 {[%clk 0:04:36]} 23.
Ra1 {[%clk 0:11:43]} Rb2 {[%clk 0:04:00]} 24. h4 {[%clk 0:06:42]} Reb8 {[%clk
0:02:54]} 25. Qc3 {[%clk 0:05:06]} Qxc3 {[%clk 0:01:39]} 26. Nxc3 {[%clk
0:05:35]} g6 {[%clk 0:02:03]} 27. Bh3 {[%clk 0:02:18]} Rc2 {[%clk 0:01:36]} 28.
Nge2 {[%clk 0:00:49]} Rbb2 {[%clk 0:01:59]} 29. Rxa5 {[%clk 0:00:36]} Rxe2 {[%clk
0:02:11]} 30. Nxe2 {[%clk 0:01:05]} Rxe2 {[%clk 0:02:33]} 31. Ra8+ {[%clk
0:01:13]} Kg7 {[%clk 0:02:57]} 32. Ra7 {[%clk 0:01:25]} Kf8 {[%clk 0:02:28]} 33.
Ra8+ {[%clk 0:01:21]} Kg7 {[%clk 0:02:57]} 34. Ra7 {[%clk 0:00:56]} Kf8 {[%clk
0:03:21]} 35. Kf1 {[%clk 0:00:59]} Rc2 {[%clk 0:03:24]} 36. f3 {[%clk 0:00:59]}
d4 {[%clk 0:01:08]} 37. Ra8+ {[%clk 0:00:49]} Ke7 {[%clk 0:01:27]} 38. exd4
{[%clk 0:00:50]} Rc4 {[%clk 0:01:34]} 39. Ke2 {[%clk 0:00:56]} Rxd4 {[%clk
0:01:59]} 40. Ra7+ {[%clk 0:31:18]} Nd7 {[%clk 0:30:40]} 41. Ke3 {[%clk 0:30:51]}
Rd6 {[%clk 0:31:06]} 42. Kf4 {[%clk 0:27:10]} Rd4+ {[%clk 0:21:38]} 43. Ke3
{[%clk 0:22:07]} Rd1 {[%clk 0:22:03]} 44. h5 {[%clk 0:21:26]} f5 {[%clk 0:14:09]}
45. Kf4 {[%clk 0:18:00]} Kf6 {[%clk 0:14:09]} 46. Ra6+ {[%clk 0:17:57]} Kg7
{[%clk 0:14:08]} 47. Kg5 {[%clk 0:17:21]} Nf8 {[%clk 0:05:28]} 48. g4 {[%clk
0:09:38]} h6+ {[%clk 0:03:21]} 49. Kf4 {[%clk 0:09:32]} Rh1 {[%clk 0:02:16]} 50.
Ra7+ {[%clk 0:04:46]} Kf6 {[%clk 0:02:20]} 51. gxf5 {[%clk 0:04:48]} Rxh3 {[%clk
0:01:58]} 52. hxg6 {[%clk 0:03:44]} Nxg6+ {[%clk 0:01:46]} 53. Kg4 {[%clk
0:04:12]} Rh4+ {[%clk 0:01:46]} 54. Kg3 {[%clk 0:04:41]} Kxf5 {[%clk 0:01:48]}
55. Ra5+ {[%clk 0:05:00]} Kf6 {[%clk 0:02:02]} 56. Ra6+ {[%clk 0:05:21]} Kf5
{[%clk 0:02:26]} 57. Ra5+ {[%clk 0:04:37]} Kf6 {[%clk 0:02:50]} 58. Ra6+ {[%clk
0:04:53]} Kf5 {[%clk 0:02:45]} 59. Ra5+ {[%clk 0:05:20]} Kf6 {[%clk 0:03:39]}
1/2-1/2

[Event "Women's Baku Chess Olympiad"]
[Site "chess24.com"]
[Date "2016.09.05"]
[Round "4"]
[White "Romero Echeverria, Abigail"]
[Black "Hng, Mei-En Emmanuelle"]
[Result "0-1"]
[Board "3"]
[WhiteID "3603806"]
[WhiteElo "2106"]
[WhiteTitle "WIM"]
[WhiteCountry "ECU"]
[WhiteFideId "3603806"]
[WhiteEloChange "-16"]
[BlackID "5804566"]
[BlackElo "1883"]
[BlackCountry "SIN"]
[BlackFideId "5804566"]
[BlackEloChange "16"]

1. e4 {[%clk 1:30:50]} c5 {[%clk 1:30:44]} 2. Nf3 {[%clk 1:30:56]} e6 {[%clk
1:30:46]} 3. c3 {[%clk 1:30:29]} Nf6 {[%clk 1:30:02]} 4. e5 {[%clk 1:30:49]} Nd5
{[%clk 1:30:11]} 5. d4 {[%clk 1:31:03]} Nc6 {[%clk 1:29:57]} 6. Bc4 {[%clk
1:27:06]} Nb6 {[%clk 1:29:08]} 7. Bd3 {[%clk 1:26:55]} cxd4 {[%clk 1:27:52]} 8.
cxd4 {[%clk 1:26:46]} d5 {[%clk 1:25:42]} 9. Nc3 {[%clk 1:25:56]} Be7 {[%clk
1:21:41]} 10. O-O {[%clk 1:25:54]} Bd7 {[%clk 1:21:32]} 11. Qe2 {[%clk 1:23:20]}
O-O {[%clk 1:20:20]} 12. h4 {[%clk 1:12:40]} Bxh4 {[%clk 1:09:37]} 13. g3 {[%clk
1:13:06]} Be7 {[%clk 1:09:55]} 14. Kg2 {[%clk 1:13:32]} f6 {[%clk 1:05:04]} 15.
exf6 {[%clk 1:11:55]} Bxf6 {[%clk 1:04:33]} 16. Rh1 {[%clk 1:04:15]} g6 {[%clk
1:00:16]} 17. Be3 {[%clk 0:52:33]} Qe7 {[%clk 0:47:12]} 18. Rh6 {[%clk 0:22:22]}
Rf7 {[%clk 0:26:00]} 19. Rah1 {[%clk 0:09:29]} e5 {[%clk 0:21:43]} 20. Bxg6
{[%clk 0:06:03]} hxg6 {[%clk 0:21:55]} 21. Bg5 {[%clk 0:06:26]} Bg4 {[%clk
0:10:59]} 22. Rxg6+ {[%clk 0:03:50]} Bg7 {[%clk 0:11:22]} 23. Bxe7 {[%clk
0:02:00]} Bxf3+ {[%clk 0:11:44]} 24. Qxf3 {[%clk 0:02:07]} Rxf3 {[%clk 0:11:54]}
25. Kxf3 {[%clk 0:02:32]} Nxe7 {[%clk 0:10:55]} 26. Rg5 {[%clk 0:02:34]} exd4
{[%clk 0:08:07]} 27. Ne2 {[%clk 0:02:30]} Rf8+ {[%clk 0:04:28]} 28. Kg2 {[%clk
0:02:54]} Rf5 {[%clk 0:04:22]} 29. Rg4 {[%clk 0:03:23]} Nc6 {[%clk 0:03:31]} 30.
Nf4 {[%clk 0:03:27]} Ne5 {[%clk 0:03:17]} 31. Rgh4 {[%clk 0:03:01]} Nec4 {[%clk
0:02:45]} 32. Nd3 {[%clk 0:02:09]} Nd2 {[%clk 0:02:05]} 33. f4 {[%clk 0:01:00]}
Nbc4 {[%clk 0:01:27]} 34. g4 {[%clk 0:00:39]} Ne3+ {[%clk 0:01:31]} 35. Kf2
{[%clk 0:00:40]} Ne4+ {[%clk 0:01:53]} 36. Kf3 {[%clk 0:00:49]} Rf7 {[%clk
0:01:47]} 37. Rc1 {[%clk 0:01:02]} Nc4 {[%clk 0:01:45]} 38. b3 {[%clk 0:00:59]}
Ne5+ {[%clk 0:01:56]} 39. Nxe5 {[%clk 0:00:43]} Bxe5 {[%clk 0:04:06]} 40. Rc8+
{[%clk 0:30:38]} Kg7 {[%clk 0:34:30]} 41. f5 {[%clk 0:28:34]} Rc7 {[%clk
0:33:28]} 42. Rxc7+ {[%clk 0:26:52]} Bxc7 {[%clk 0:33:52]} 43. Ke2 {[%clk
0:23:50]} Bg3 {[%clk 0:30:47]} 44. Rh5 {[%clk 0:20:55]} Be5 {[%clk 0:30:25]} 45.
Kd1 {[%clk 0:16:35]} d3 {[%clk 0:28:14]} 46. g5 {[%clk 0:12:56]} Bf4 {[%clk
0:27:03]} 47. f6+ {[%clk 0:08:42]} Kg8 {[%clk 0:26:10]} 48. g6 {[%clk 0:05:28]}
Nc3+ {[%clk 0:24:18]} 49. Ke1 {[%clk 0:05:57]} d2+ {[%clk 0:24:38]} 50. Kf2
{[%clk 0:06:23]} d1Q {[%clk 0:24:22]} 51. f7+ {[%clk 0:06:49]} Kg7 {[%clk
0:24:38]} 52. Rh7+ {[%clk 0:05:36]} Kxg6 {[%clk 0:24:44]} 53. f8Q {[%clk
0:05:56]} Ne4+ {[%clk 0:24:22]} 0-1